000
00307nam a22001337a 4500
005
20231026151106.0
008
231026b ||||| |||| 00| 0 eng d
040
_c
AL
041
_a
English
082
_2
23
_a
575.1
_b
ASIG
100
_a
ASIMOV (Issac).
_9
139563
245
_a
Genetic code
942
_2
ddc
_c
BK
999
_c
229026
_d
229026